Score 0/9 Timer 05:00
0 Plays Today
% Correct
Rickon
97.2%
Joffrey
89.8%
Aegon
89.3%
Kevan
88.3%
Edmure's unborn child
79.4%
Aeron
75.4%
Trystane
70.5%
Alla
59.3%
Stevron
58.1%
Remove Ads.
Support Sporcle.
Get the best of Sporcle when you Go Orange. This ad-free experience offers more features, more stats, and more fun while also helping to support Sporcle. Thank you for becoming a member.

You're not logged in!

Compare scores with friends on all Sporcle quizzes.
OR
Log In

Show Comments

Extras

Top Quizzes Today


Score Distribution

Your Account Isn't Verified!

In order to create a playlist on Sporcle, you need to verify the email address you used during registration. Go to your Sporcle Settings to finish the process.

Report this User

Report this user for behavior that violates our Community Guidelines.

Details: